000 00485nam a22001217a 4500
999 _c21671
_d21671
008 240916b ||||| |||| 00| 0 eng d
100 _aNicolas, Autelia T.
_eauthor.
_961106
245 _aThe passion of creative writing towards journalism /
_cAutelia T. Nicolas.
260 _aPhilippines;
_bPublishers Association of the Philippines, Inc.,
_cFebruary 2018.
300 _aVolume 66, pages 333-334,
_billustration.
700 _aNicolas, Autelia T.
_eauthor.
_961106
942 _2ddc
_cPER